000 00495nam a22001697a 4500
003 BD-DhUL
005 20190709104408.0
008 190708s1977 ii ||||| |||| 00| 0 urd d
040 _aBD-DhUL
_cBD-DhUL
082 _a891.431
_bHAK
100 0 _aحسرت موہانی
245 1 0 _aکلیات حسرت موہانی /
_cحسرت موہانی
260 _aدھلی :
_bشفیق بک ڈپو،
_c۔۱۹۷۷
300 _aص۔ ۴۸۰ ؛
_c۲۱ سم۔
650 4 _aUrdu poetry
942 _2ddc
_cBK
999 _c248662
_d248662